000 00338nam a2200145 i 4500
001 bg
100 1 _aBARBAG, Józef
245 0 _aGeografia gospodarki świata /
_cJózef Barbag.
260 _aWarszawa,
_c1984.
040 _cBPK
041 _apol
080 _a913(100)::33
942 _cKS
008 s pl f |000 0 pol
999 _c22884
_d22884
856 _uhttp://koha.tu.koszalin.pl/cgi-bin/koha/opac-detail.pl?biblionumber=22884
_yKatalog online BPK